000 00554nam a2200193Ia 4500
008 151121s9999||||xx |||||||||||||| ||und||
082 _a400/केळक
082 _bHNW-52475
100 _aकेळकर अशोक
245 _aवैखरी
260 _b"मॅजेस्टिक बुक स्टॉल, मुंबई।"
260 _c--
300 _a294
600 _aकेळकर अशोक
630 _aवैखरी
700 _aकेळकर अशोक
730 _aवैखरी
942 _cBOOK
999 _c1236489
_d1236486